000 00336nam a22001577a 4500
003 SGT
020 _a9788120351684
082 _a370,GHO
100 _aGHOSH, SUNANDA
245 _aEDUCATION IN EMERGING INDIAN SOCIETY
250 _a2ND
260 _aNEW DELHI
_bPHI
_c2016
300 _a231
650 _aEDUCATION
942 _2ddc
_cBK
999 _c26813
_d26813